| 000 | nam a22 a 4500 | ||
|---|---|---|---|
| 999 |
_c444170 _d444170 |
||
| 003 | BLK | ||
| 005 | 20220208160617.0 | ||
| 008 | 220208b bu |||||r|||| 00| | bu d | ||
| 040 | _aBLK | ||
| 041 |
_aBUL _cBUL |
||
| 080 |
_aХигиена. Лично здраве. Вж и 614 ; 616-083 _b613 _z613 |
||
| 100 |
_9245762 _aСоловьов, Владимир Сергеевич _eпърви автор |
||
| 139 | _aСоловьов, Владимир Сергеевич | ||
| 245 |
_aРазказ за чистотата _c В. С. Соловьов ; прев. от рус. Михаил Йорданов |
||
| 260 |
_9209548 _aСофия _bНаука и изкуство _c1953 _n978-954-02- |
||
| 300 |
_a58 с. _bс ил. _c17 см |
||
| 380 | _a61 | ||
| 650 | 7 |
_9176449 _aХигиена, лична |
|
| 653 | 7 |
_9200686 _aчистота |
|
| 653 | 7 |
_9190032 _aлична хигиена |
|
| 700 |
_91121 _aЙорданов, Михаил _eпрев. от рус. |
||
| 852 |
_aЦб I 1201 _bО |
||
| 942 |
_cKNG _n0 _s1 |
||
| 944 |
_aCR _c2022-02-08 _kХристина Везирева |
||